Gift giving culture in the Bhutanese society / (Record no. 3928)

MARC details
000 -LEADER
fixed length control field 00604nam a2200169 4500
001 - CONTROL NUMBER
control field 4727
005 - DATE AND TIME OF LATEST TRANSACTION
control field 20181127174008.0
090 00 - LOCALLY ASSIGNED LC-TYPE CALL NUMBER (OCLC); LOCAL CALL NUMBER (RLIN)
Classification number (OCLC) (R) ; Classification number, CALL (RLIN) (NR) POL.SCI CAP No.3
245 00 - TITLE STATEMENT
Title Gift giving culture in the Bhutanese society /
Remainder of title
Statement of responsibility, etc. Student Work.
Medium
260 00 - PUBLICATION, DISTRIBUTION, ETC.
Place of publication, distribution, etc. [Thimphu] :
Name of publisher, distributor, etc. [Royal Thimphu College],
Date of publication, distribution, etc. 2015.
300 ## - PHYSICAL DESCRIPTION
Extent 21 leaves.
Other physical details
Dimensions
Accompanying material
500 ## - GENERAL NOTE
General note Recommended.
General note Student research project for BA, Political Science(Capstone Project):(2015): DOlma Roder, lecturer.
General note Spiral-bound xerographic copy.
650 ## - SUBJECT ADDED ENTRY--TOPICAL TERM
Topical term or geographic name entry element Bhutan
Form subdivision Social life and customs.
General subdivision
Chronological subdivision
Geographic subdivision
Source of heading or term
Topical term or geographic name entry element Capstone Project.
Form subdivision
General subdivision
Chronological subdivision
Geographic subdivision
Source of heading or term
Holdings
Withdrawn status Lost status Damaged status Not for loan Collection code Home library Current library Shelving location Date acquired Serial Enumeration / chronology Inventory number Total Checkouts Total Renewals Full call number Barcode Date last seen Date last checked out Price effective from Koha item type
        Student work RTC Library RTC Library Student work 08/03/2021 7452 2 1 POL. SCI CAP No. 3STUDENT WORK 30007625 22/03/2021 08/03/2021 27/11/2018 Student Work
Royal Thimphu College || All Right Reserved